Members of the Homo Genus - Statistics

General Stats
  • This quiz has been taken 12 times
  • The average score is 9 of 16
Answer Stats
Hint Answer % Correct
1.9 - 0.14 MYA erectus
100%
0.3 MYA sapiens
90%
2.1 - 1.5 MYA habilis
80%
0.24 - 0.04 MYA neanderthalensis
80%
1.0 - 0.5 MYA floresiensis
60%
1.2 - 0.8 MYA antecessor
50%
1.8 - 1.3 MYA ergaster
50%
0.6 - 0.3 MYA heidelbergensis
50%
0.309 - 0.301 MYA longi
50%
0.134 - 0.049 MYA luzonensis
50%
0.335 - 0.236 MYA naledi
50%
0.285 - 0.051 denisova
40%
1.9 MYA rudolfensis
40%
0.3 MYA rhodesiensis
30%
0.45 MYA cepranensis
20%
1.9 MYA - 0.6 MYA gautengensis
20%
No matching quizzes found
Score Distribution
Percent of People with Each Score
Percentile by Number Answered
Your Score History
You have not taken this quiz